| 000 | 01295nam a2200397 i 4500 | ||
|---|---|---|---|
| 001 | 37524 | ||
| 003 | KOSZ 005 | ||
| 005 | 20220309141834.0 | ||
| 008 | 000605s1999 pl a f f |000 0 pol | ||
| 015 | _aPB 2000/10473 | ||
| 020 | _a8372490198 | ||
| 035 | _a(OCoLC)749495491 | ||
| 040 |
_aWA N _cKOSZ 005/HR _dKOSZ 005/HR |
||
| 041 | 1 |
_apol _heng |
|
| 046 | _k1999 | ||
| 080 | _a316.77 | ||
| 080 | _a(075.8) | ||
| 100 | 1 |
_aFiske, John _d(1939- ). _eAutor |
|
| 245 | 1 | 0 |
_aWprowadzenie do badań nad komunikowaniem / _cJohn Fiske ; [tł. Aleksandra Gierczak]. |
| 246 | 1 |
_iTyt. oryg.: _aIntroduction to communication studies, _f1990. |
|
| 260 |
_aWrocław : _b"Astrum", _c1999. |
||
| 300 |
_a248 s. : _bil. ; _c23 cm. |
||
| 380 | _aKsiążki. | ||
| 380 | _aPublikacje dydaktyczne | ||
| 385 |
_mPoziom nauczania _aSzkoły wyższe |
||
| 388 | _a1901-2000 | ||
| 490 | 1 | _aKreatywność | |
| 504 | _aBibliogr. | ||
| 658 | _aMedia i komunikacja społeczna | ||
| 655 | 4 | _aPodręczniki akademickie | |
| 650 | 4 | _aKomunikacja społeczna | |
| 700 | 1 |
_aGierczak, Aleksandra. _eTłumaczenie |
|
| 856 |
_uhttp://koha.tu.koszalin.pl/cgi-bin/koha/opac-detail.pl?biblionumber=37524 _yKatalog online BPK |
||
| 830 | 0 | _aKreatywność - Astrum | |
| 942 |
_2UKD _cKS |
||
| 999 |
_c37524 _d37524 |
||